| 000 | 00820cam a2200253 a 4500 | ||
|---|---|---|---|
| 001 | 000019713 | ||
| 005 | 20200929170118.0 | ||
| 008 | 920504s1969 sp 001 e spa d | ||
| 040 |
_aDO-SdBNP _bspa _cDLC _dBNPHU |
||
| 082 |
_a864.6 _bA996p, 1969 |
||
| 100 | 0 |
_aAzorín, _d1873-1967. _95278 |
|
| 245 | 1 | 3 |
_aEl paisaje de España visto por los españoles / _cAzorín. |
| 250 | _a7a ed. | ||
| 260 |
_aMadrid : _bEspasa-Calpe, _c1969. |
||
| 300 |
_a151, [16] p. ; _c18 cm. |
||
| 490 | 1 |
_aAustral. Verde: ensayos y filosofía _v164 |
|
| 650 | 4 |
_aEnsayos españoles _93095 |
|
| 650 | 4 |
_aLiteratura española _9632 |
|
| 651 | 4 |
_aEspaña _xDescripciones Y Viajes _ySIGLO XIX _942160 |
|
| 830 | 0 |
_aAustral. _pVerde: ensayos y filosofía; _v164 _98733 |
|
| 910 | _aCatalogación derivada / LC | ||
| 910 | _aWM | ||
| 049 | _aBNGR | ||
| 999 |
_c19227 _d19227 |
||